[Event "RUS Central Region-chT"]
[Site "Lipetsk"]
[Date "2017.12.04"]
[Round "2.3"]
[White "Ajrapetian, Gevorg"]
[Black "Grigorjev, Iljya"]
[Result "0-1"]
[WhiteElo "2421"]
[BlackElo "2275"]
[PlyCount "110"]
[EventDate "2017.12.03"]
[EventType "team-swiss"]
[EventRounds "7"]
[EventCountry "RUS"]
[SourceTitle "CBM 182 Extra"]
[Source "ChessBase"]
[SourceDate "2018.02.23"]
[SourceVersion "1"]
[SourceVersionDate "2018.02.23"]
[SourceQuality "1"]
[WhiteTeam "Lipetsk EGU Region"]
[BlackTeam "Lipetsk SN4 Region"]
[WhiteTeamCountry "RUS"]
[BlackTeamCountry "RUS"]

1. e4 e5 2. Nf3 Nc6 3. Bc4 Bc5 4. d3 Nf6 5. 0-0 0-0 6. Nbd2 d5 7. exd5 Nxd5 8. Re1 Re8 9. h3 a6 10. a4 Ba7 11. c3 Be6 12. Ne4 f6 13. a5 Qd7 14. b4 Rad8 15. Qb3 Kh8 16. b5 axb5 17. Qxb5 Bxh3 18. gxh3 Qxh3 19. Bxd5 Qg4+ 20. Kh2 Qxf3 21. Be3 f5 22. Nf6 e4 23. Bxc6 bxc6 24. Qb2 gxf6 25. Qe2 Qxe2 26. Rxe2 exd3 27. Rd2 Bxe3 28. fxe3 Rxe3 29. a6 Re2+ 30. Rxe2 dxe2 31. Re1 Ra8 32. Rxe2 Rxa6 33. Re6 Kg7 34. Re7+ Kg6 35. Rxc7 f4 36. Kg2 h6 37. Kf3 Kf5 38. Rc8 Ke5 39. Re8+ Kd5 40. Kxf4 Ra3 41. Re3 Kc4 42. Re6 c5 43. Rxf6 Kxc3 44. Rxh6 c4 45. Rc6 Ra8 46. Ke3 Re8+ 47. Kf2 Kb3 48. Rb6+ Kc2 49. Rc6 c3 50. Rc7 Kb2 51. Rb7+ Kc1 52. Rc7 c2 53. Rc6 Rb8 54. Ke2 Kb2 55. Kd2 Rd8+ 0-1

[Event "Moscow op-A"]
[Site "Moscow"]
[Date "2016.02.01"]
[Round "3"]
[White "Gurvich, Vitaly"]
[Black "Ajrapetian, Gevorg"]
[Result "1/2-1/2"]
[WhiteElo "2308"]
[BlackElo "2442"]
[PlyCount "83"]
[EventDate "2016.01.30"]
[EventType "swiss"]
[EventRounds "9"]
[EventCountry "RUS"]
[SourceTitle "CBM 170 Extra"]
[Source "ChessBase"]
[SourceDate "2016.02.25"]
[SourceVersion "1"]
[SourceVersionDate "2016.02.25"]
[SourceQuality "1"]

1. d4 g6 2. c4 Bg7 3. e4 c5 4. d5 d6 5. Nc3 e5 6. Nf3 Ne7 7. h4 h6 8. h5 Nd7 9. Be2 Nf6 10. Nd2 a6 11. a3 Bd7 12. Rb1 Nxh5 13. Bxh5 gxh5 14. Nf1 Ng6 15. Ne3 h4 16. Nf5 Qf6 17. Qf3 h5 18. b4 cxb4 19. Rxb4 Rc8 20. Rxb7 Nf4 21. 0-0 Bxf5 22. exf5 Qxf5 23. Ne4 Rh6 24. Bxf4 Qxf4 25. Qxf4 exf4 26. Re1 Kf8 27. Ng5 Rg6 28. Rxf7+ Kg8 29. Rf5 Be5 30. Kh1 Rxc4 31. Nf3 h3 32. gxh3 Rc3 33. Rg1 Rxg1+ 34. Nxg1 h4 35. Kg2 Kg7 36. Nf3 Bf6 37. Rxf4 Rxa3 38. Nxh4 Rd3 39. Nf5+ Kg6 40. Ne3 Bd4 41. Kf3 Bxe3 42. fxe3 1/2-1/2

[Event "Moscow op-A"]
[Site "Moscow"]
[Date "2016.01.31"]
[Round "2"]
[White "Ajrapetian, Gevorg"]
[Black "Elistratov, Semen"]
[Result "0-1"]
[WhiteElo "2442"]
[BlackElo "2277"]
[PlyCount "114"]
[EventDate "2016.01.30"]
[EventType "swiss"]
[EventRounds "9"]
[EventCountry "RUS"]
[SourceTitle "CBM 170 Extra"]
[Source "ChessBase"]
[SourceDate "2016.02.25"]
[SourceVersion "1"]
[SourceVersionDate "2016.02.25"]
[SourceQuality "1"]

1. e4 c5 2. Nf3 d6 3. c3 Nf6 4. Be2 g6 5. 0-0 Bg7 6. Re1 0-0 7. Bf1 Nc6 8. h3 e5 9. d3 d5 10. Nbd2 h6 11. exd5 Nxd5 12. Nc4 Qc7 13. a4 Bf5 14. Qb3 Rad8 15. g3 b6 16. Nfd2 Be6 17. a5 Rb8 18. Qa3 f5 19. Bg2 Bf7 20. axb6 axb6 21. Qa6 b5 22. Ne3 Nde7 23. g4 Rb7 24. Nc2 Rfb8 25. Qa3 b4 26. cxb4 cxb4 27. Nxb4 Nxb4 28. Bxb7 Nc2 29. Qc3 Qxc3 30. bxc3 Nxa1 31. Bg2 Nb3 32. gxf5 gxf5 33. Ba3 Nxd2 34. Bxe7 Rb1 35. Rxb1 Nxb1 36. c4 Nc3 37. c5 Ne2+ 38. Kh2 Nf4 39. Bf1 Bd5 40. Bd6 Ng6 41. Bb8 Kf7 42. Kg3 Ke6 43. Ba7 Bf6 44. Kh2 Nh4 45. Be2 Bc6 46. Kg1 Ng6 47. Kh2 Nf4 48. Bf1 Kd5 49. Kg3 Be7 50. Kf3 Kd4+ 51. Kg3 Bxc5 52. Bb8 Be7 53. Ba7+ Kc3 54. Bb8 Bf6 55. h4 Nxd3 56. Bh3 f4+ 57. Kh2 Nxf2 0-1

[Event "Moscow op-A"]
[Site "Moscow"]
[Date "2016.01.30"]
[Round "1"]
[White "Obgolts, Erik"]
[Black "Ajrapetian, Gevorg"]
[Result "0-1"]
[WhiteElo "2220"]
[BlackElo "2442"]
[PlyCount "86"]
[EventDate "2016.01.30"]
[EventType "swiss"]
[EventRounds "9"]
[EventCountry "RUS"]
[SourceTitle "CBM 170 Extra"]
[Source "ChessBase"]
[SourceDate "2016.02.25"]
[SourceVersion "1"]
[SourceVersionDate "2016.02.25"]
[SourceQuality "1"]

1. Nf3 c5 2. g3 b6 3. Bg2 Bb7 4. c4 Nf6 5. 0-0 e6 6. Nc3 Be7 7. d3 0-0 8. e4 d6 9. Re1 a6 10. a3 Nc6 11. Rb1 Nd7 12. b4 Qc7 13. b5 Nd4 14. Nxd4 cxd4 15. bxa6 Bxa6 16. Nb5 Bxb5 17. Rxb5 e5 18. Re2 Nc5 19. Ra2 Ra6 20. Qc2 Rfa8 21. Ra1 Qd8 22. h4 R8a7 23. Rab1 g6 24. Bh3 Bf8 25. Kh2 h5 26. Bg2 Kh7 27. Ra1 Bh6 28. Bb2 Qe8 29. Rb1 Qc6 30. Rf1 Ra5 31. Rxa5 bxa5 32. f4 Qb6 33. f5 Rb7 34. fxg6+ fxg6 35. Bc1 Qb3 36. Qe2 Bxc1 37. Rxc1 Qxd3 38. Qe1 Rb2 39. Qxa5 Qf3 40. Rg1 Nxe4 41. Kh1 Nxg3+ 42. Kh2 Nf1+ 43. Kh1 Qh3+ 0-1

[Event "Chigorin Memorial 19th"]
[Site "St Petersburg"]
[Date "2011.10.20"]
[Round "7"]
[White "Ajrapetian, Gevorg"]
[Black "Epishin, Vladimir"]
[Result "1/2-1/2"]
[WhiteElo "2420"]
[BlackElo "2544"]
[PlyCount "93"]
[EventDate "2011.10.14"]
[EventType "swiss"]
[EventRounds "9"]
[EventCountry "RUS"]
[SourceTitle "CBM 144 Extra"]
[Source "ChessBase"]
[SourceDate "2011.10.28"]
[SourceVersion "1"]
[SourceVersionDate "2011.10.28"]
[SourceQuality "1"]

1. e4 c5 2. Nf3 d6 3. c3 Nf6 4. d3 e6 5. Be2 Be7 6. 0-0 0-0 7. Re1 b6 8. Bf1 Bb7 9. Nbd2 Qc7 10. d4 cxd4 11. cxd4 Rc8 12. a3 Ba6 13. Bxa6 Nxa6 14. Qe2 Nb8 15. Nf1 Nbd7 16. Bg5 h6 17. Rac1 Qb7 18. Bxf6 Nxf6 19. N1d2 b5 20. e5 dxe5 21. dxe5 Nd5 22. Nb3 a6 23. Qe4 Rxc1 24. Rxc1 Rc8 25. Rxc8+ Qxc8 26. Nfd4 Bd8 27. Ne2 Bb6 28. g3 a5 29. Nbd4 b4 30. axb4 Nxb4 31. b3 Nd5 32. Kg2 Qb7 33. f3 Bc5 34. Qd3 Bb6 35. Kh3 Qd7 36. Qb5 Qd8 37. Qd3 Qc8 38. Qc2 Qd8 39. Qd3 h5 40. f4 Ne7 41. Qe4 g6 42. Qb7 Bxd4 43. Nxd4 Qxd4 44. Qxe7 Qd1 45. Qa7 Kg7 46. Qxa5 Qxb3 47. Qd8 1/2-1/2

[Event "Chigorin Memorial 19th"]
[Site "St Petersburg"]
[Date "2011.10.18"]
[Round "5"]
[White "Ajrapetian, Gevorg"]
[Black "Pershin, Denis"]
[Result "1-0"]
[WhiteElo "2420"]
[BlackElo "1984"]
[PlyCount "63"]
[EventDate "2011.10.14"]
[EventType "swiss"]
[EventRounds "9"]
[EventCountry "RUS"]
[SourceTitle "CBM 144 Extra"]
[Source "ChessBase"]
[SourceDate "2011.10.28"]
[SourceVersion "1"]
[SourceVersionDate "2011.10.28"]
[SourceQuality "1"]

1. e4 c5 2. Nf3 Nc6 3. d3 g6 4. g3 Bg7 5. Bg2 e6 6. 0-0 Nge7 7. Re1 d6 8. c3 0-0 9. Na3 a6 10. Nc2 b6 11. d4 cxd4 12. cxd4 d5 13. e5 b5 14. h4 Nf5 15. Ne3 Qb6 16. Nxf5 gxf5 17. Bf4 Bb7 18. Qd2 Qa5 19. Qe3 Rfc8 20. a3 Qd8 21. h5 Bf8 22. Nh2 Kh8 23. g4 fxg4 24. Nxg4 Qh4 25. Nf6 Be7 26. Bg3 Qxd4 27. Qh6 Bxf6 28. Qxf6+ Kg8 29. Bh3 Qb6 30. h6 Kf8 31. Bxe6 Nd8 32. Bxc8 1-0

[Event "Voronezh op-A 15th"]
[Site "Voronezh"]
[Date "2011.06.16"]
[Round "5"]
[White "Zhurikhin, Alexander"]
[Black "Ajrapetian, Gevorg"]
[Result "1-0"]
[WhiteElo "2192"]
[BlackElo "2435"]
[PlyCount "113"]
[EventDate "2011.06.12"]
[EventType "swiss"]
[EventRounds "9"]
[EventCountry "RUS"]
[SourceTitle "CBM 143 Extra"]
[Source "ChessBase"]
[SourceDate "2011.08.29"]
[SourceVersion "1"]
[SourceVersionDate "2011.08.29"]
[SourceQuality "1"]

1. e4 c5 2. Nf3 a6 3. c4 d6 4. d4 Bg4 5. dxc5 Bxf3 6. gxf3 Qa5+ 7. Nc3 Qxc5 8. Be3 Qa5 9. Qb3 Nd7 10. Qxb7 Rb8 11. Qc6 Rxb2 12. Qc8+ Qd8 13. Qxd8+ Kxd8 14. 0-0-0 Rb8 15. c5 a5 16. Bb5 Ngf6 17. c6 Nb6 18. e5 Ne8 19. Ba6 Kc7 20. Bb7 Rxb7 21. cxb7 Kxb7 22. Kc2 Nc4 23. Rb1+ Kc8 24. Rb3 Nc7 25. exd6 exd6 26. Rhb1 Kd7 27. Kd3 Ne5+ 28. Ke2 Be7 29. Rb7 Bd8 30. Nb5 Nc4 31. Bf4 Re8+ 32. Kd3 Ne5+ 33. Bxe5 Rxe5 34. Nxc7 Bxc7 35. Rc1 Rc5 36. Rxc5 dxc5 37. Kc4 Kc6 38. Rxc7+ Kxc7 39. Kxc5 g5 40. Kb5 Kd6 41. Kxa5 Kc5 42. Ka6 Kc6 43. Ka7 Kc7 44. h3 h5 45. f4 g4 46. h4 Kc6 47. Kb8 Kd5 48. a4 Ke4 49. a5 Kf3 50. a6 Kxf2 51. a7 g3 52. a8Q g2 53. Qa7+ Kf1 54. Qxf7 g1Q 55. Qc4+ Kg2 56. Qg8+ Kh3 57. Qxg1 1-0

[Event "Voronezh op-A 15th"]
[Site "Voronezh"]
[Date "2011.06.15"]
[Round "4"]
[White "Ajrapetian, Gevorg"]
[Black "Belyakov, Bogdan"]
[Result "1/2-1/2"]
[WhiteElo "2435"]
[BlackElo "2349"]
[PlyCount "89"]
[EventDate "2011.06.12"]
[EventType "swiss"]
[EventRounds "9"]
[EventCountry "RUS"]
[SourceTitle "CBM 143 Extra"]
[Source "ChessBase"]
[SourceDate "2011.08.29"]
[SourceVersion "1"]
[SourceVersionDate "2011.08.29"]
[SourceQuality "1"]

1. e4 e5 2. Nf3 Nc6 3. Bc4 Nf6 4. d3 Be7 5. 0-0 0-0 6. Re1 d6 7. a4 Kh8 8. c3 Ng8 9. a5 a6 10. Qb3 f5 11. exf5 Rxf5 12. Nbd2 Rf8 13. Ne4 Nf6 14. Nxf6 Bxf6 15. Be3 Qe8 16. Nd2 Qg6 17. Ne4 Bh4 18. Ng3 Ne7 19. d4 exd4 20. cxd4 Nf5 21. Bd3 Qf6 22. Bxf5 Bxf5 23. Qxb7 Rab8 24. Qxa6 Rxb2 25. Qc4 Bxg3 26. hxg3 Be4 27. Ra2 Bd3 28. Qa4 Bc2 29. Qa3 Rb3 30. Qc1 Be4 31. Qc4 Rbb8 32. a6 Qf5 33. a7 Rbc8 34. Ra3 Ba8 35. Bf4 Rfe8 36. Rxe8+ Rxe8 37. Ra1 h6 38. Qa4 Re2 39. Qb3 Qe4 40. d5 Qd4 41. Rf1 Qxa7 42. Be3 Qa5 43. Qb8+ Kh7 44. Qb1+ Kh8 45. Qb8+ 1/2-1/2

[Event "Voronezh op-A 15th"]
[Site "Voronezh"]
[Date "2011.06.13"]
[Round "2"]
[White "Ajrapetian, Gevorg"]
[Black "Sakhvadze, Georgy"]
[Result "1-0"]
[WhiteElo "2435"]
[BlackElo "2070"]
[PlyCount "47"]
[EventDate "2011.06.12"]
[EventType "swiss"]
[EventRounds "9"]
[EventCountry "RUS"]
[SourceTitle "CBM 143 Extra"]
[Source "ChessBase"]
[SourceDate "2011.08.29"]
[SourceVersion "1"]
[SourceVersionDate "2011.08.29"]
[SourceQuality "1"]

1. e4 c6 2. d4 d5 3. e5 Bf5 4. Nc3 e6 5. g4 Bg6 6. Nge2 Be7 7. Be3 Nd7 8. Qd2 c5 9. 0-0-0 a6 10. f4 f5 11. dxc5 Bxc5 12. Bxc5 Nxc5 13. Nd4 Qd7 14. gxf5 exf5 15. Bg2 Ne4 16. Bxe4 dxe4 17. Qe2 Ne7 18. Ndb5 Qc6 19. Nd6+ Kf8 20. Rd4 Bf7 21. Nxf7 Kxf7 22. Rd6 Qc5 23. Qh5+ g6 24. Qh4 1-0

[Event "RUS-chT 18th"]
[Site "Olginka"]
[Date "2011.04.17"]
[Round "6"]
[White "Ajrapetian, Gevorg"]
[Black "Ni, Hua"]
[Result "0-1"]
[WhiteElo "2419"]
[BlackElo "2646"]
[PlyCount "118"]
[EventDate "2011.04.12"]
[EventType "team-tourn"]
[EventRounds "11"]
[EventCountry "RUS"]
[SourceTitle "EXT 2020"]
[Source "ChessBase"]
[SourceDate "2019.10.17"]
[SourceVersion "1"]
[SourceVersionDate "2019.10.17"]
[SourceQuality "1"]
[WhiteTeam "Lipetsk EGU Perspektiva"]
[BlackTeam "Saratov Economist SSSEU"]
[WhiteTeamCountry "RUS"]
[BlackTeamCountry "RUS"]

1. e4 c6 2. d4 d5 3. e5 Bf5 4. Be3 e6 5. Nd2 Nd7 6. f4 h5 7. Ngf3 Nh6 8. h3 Be7 9. Bf2 Rc8 10. Be2 c5 11. c3 Qb6 12. Qb3 c4 13. Qxb6 Nxb6 14. a4 a5 15. 0-0 Bc2 16. Bd1 Bd3 17. Re1 Kd7 18. Ng5 Bxg5 19. fxg5 Nf5 20. g3 Rc6 21. Be2 Bc2 22. Bd1 Bxd1 23. Rexd1 Nc8 24. Nf3 Na7 25. Kg2 Rcc8 26. Rdb1 b6 27. Nd2 Rc6 28. Ra2 Rb8 29. Rba1 Kc7 30. Rf1 Kd7 31. Rfa1 Rcc8 32. Nf1 Nc6 33. Ne3 Nxe3+ 34. Bxe3 b5 35. axb5 Rxb5 36. Bc1 Rcb8 37. h4 Ke7 38. Kh3 Kf8 39. Kg2 Kg8 40. Kf2 Kh7 41. Kg2 Kg6 42. Ra3 Kf5 43. R3a2 Kg4 44. Bd2 Kf5 45. Bc1 R8b7 46. Kh2 Kg4 47. Kg2 Ne7 48. Kh2 Kf3 49. Kh3 Nf5 50. Bf4 Rxb2 51. Rf1+ Ke2 52. Raa1 Kd3 53. Rf3+ Ke4 54. Rff1 Re2 55. Rxa5 Rbb2 56. Rh1 Nxh4 57. Bc1 Rbc2 58. g4 Ng6 59. Ra3 Rxc1 0-1

[Event "Moscow op-E"]
[Site "Moscow"]
[Date "2011.02.06"]
[Round "9.59"]
[White "Ajrapetian, Gevorg"]
[Black "Zakharchenko, Arnold"]
[Result "1-0"]
[WhiteElo "2410"]
[BlackElo "2225"]
[PlyCount "57"]
[EventDate "2011.01.29"]
[EventType "swiss"]
[EventRounds "9"]
[EventCountry "RUS"]
[SourceTitle "EXT 2022"]
[Source "ChessBase"]
[SourceDate "2021.10.06"]
[SourceVersion "1"]
[SourceVersionDate "2021.10.06"]
[SourceQuality "1"]

1. e4 c6 2. d4 d5 3. e5 Bf5 4. Be3 Qb6 5. Qc1 e6 6. c4 dxc4 7. Bxc4 Qa5+ 8. Nc3 Nd7 9. Nge2 Ne7 10. a3 Qd8 11. 0-0 Nb6 12. Bb3 Ned5 13. Ng3 Bd3 14. Rd1 Bg6 15. Nce4 h5 16. Nc5 Bxc5 17. dxc5 Nd7 18. Bg5 Qa5 19. Bxd5 exd5 20. Re1 Nf8 21. Bh4 Ne6 22. b4 Qb5 23. f4 Nd4 24. f5 Bh7 25. Qg5 Kf8 26. Qe7+ Kg8 27. e6 Rf8 28. exf7+ Rxf7 29. Qd8+ 1-0

[Event "RUS-ch Higher League 63rd"]
[Site "Irkutsk"]
[Date "2010.09.04"]
[Round "9"]
[White "Chadaev, Nikolay"]
[Black "Ajrapetian, Gevorg"]
[Result "1-0"]
[WhiteElo "2574"]
[BlackElo "2427"]
[PlyCount "151"]
[EventDate "2010.08.20"]
[EventType "swiss"]
[EventRounds "10"]
[EventCountry "RUS"]
[SourceTitle "CBM 138"]
[Source "ChessBase"]
[SourceDate "2010.09.17"]
[SourceVersion "1"]
[SourceVersionDate "2010.09.17"]
[SourceQuality "1"]

1. e4 c5 2. Nf3 e6 3. d3 Nc6 4. g3 Nge7 5. Bg2 g6 6. h4 Bg7 7. c3 0-0 8. h5 d5 9. Nbd2 b6 10. hxg6 hxg6 11. Qa4 d4 12. c4 e5 13. a3 a5 14. Qd1 Bd7 15. Nh4 Qb8 16. Qe2 f6 17. Qf1 a4 18. f4 b5 19. Bh3 f5 20. exf5 gxf5 21. Qe2 bxc4 22. Nxc4 e4 23. dxe4 Qb3 24. Nd6 d3 25. Qd1 Nd4 26. Qxb3+ Nxb3 27. Rb1 Bc6 28. Rh2 Bd4 29. Nhxf5 Nxf5 30. Bxf5 Rxf5 31. exf5 Ra7 32. f6 Bxf6 33. Be3 Re7 34. Kf2 Re6 35. Nc4 Bd5 36. Ne5 Bxe5 37. fxe5 Rxe5 38. Re1 Be4 39. Bf4 Re7 40. Rh4 d2 41. Bxd2 Nxd2 42. Re2 Rd7 43. Rhxe4 Nxe4+ 44. Rxe4 Rb7 45. Re2 Rb3 46. Kg2 c4 47. Rc2 c3 48. Rxc3 Rxb2+ 49. Kf3 Kf7 50. Ke4 Ke6 51. Re3 Rb8 52. Kf4+ Kf6 53. Re4 Ra8 54. g4 Ra6 55. Rd4 Kg6 56. Ke5 Ra8 57. Rc4 Kg5 58. Rb4 Kg6 59. Kd5 Kf6 60. Re4 Kg5 61. Kc5 Rb8 62. Rb4 Rc8+ 63. Kb5 Ra8 64. Rd4 Kh4 65. Rxa4 Rb8+ 66. Kc5 Rb3 67. Ra8 Kxg4 68. a4 Kf5 69. Re8 Kf6 70. a5 Kf7 71. Re4 Kf6 72. a6 Ra3 73. Kb5 Rb3+ 74. Rb4 Re3 75. a7 Re8 76. Ka6 1-0

[Event "RUS-ch Higher League 63rd"]
[Site "Irkutsk"]
[Date "2010.09.03"]
[Round "8"]
[White "Ajrapetian, Gevorg"]
[Black "Ginzburg, Yakov"]
[Result "0-1"]
[WhiteElo "2427"]
[BlackElo "2406"]
[PlyCount "136"]
[EventDate "2010.08.20"]
[EventType "swiss"]
[EventRounds "10"]
[EventCountry "RUS"]
[SourceTitle "CBM 138"]
[Source "ChessBase"]
[SourceDate "2010.09.17"]
[SourceVersion "1"]
[SourceVersionDate "2010.09.17"]
[SourceQuality "1"]

1. e4 c6 2. d4 d5 3. e5 Bf5 4. Be3 Qb6 5. Qc1 e6 6. c4 Nd7 7. c5 Qc7 8. Nc3 Ne7 9. Be2 Bg6 10. f4 Nf5 11. Bf2 f6 12. Nf3 Bh5 13. 0-0 Bxf3 14. Bxf3 fxe5 15. fxe5 Be7 16. Ne2 Nf8 17. Ng3 Ng6 18. Bg4 0-0 19. Qc2 Qd7 20. Nh5 Rf7 21. b4 Raf8 22. Qd3 Bg5 23. Rab1 Qe8 24. a4 Nh6 25. Bh3 Nh4 26. Bxh4 Bxh4 27. g3 Bg5 28. Qe2 Rxf1+ 29. Rxf1 Rxf1+ 30. Kxf1 Qf7+ 31. Kg2 Nf5 32. Bxf5 Qxf5 33. h4 Be3 34. Qxe3 Qxh5 35. b5 Qd1 36. bxc6 bxc6 37. Qg5 Qe2+ 38. Kg1 Qe1+ 39. Kg2 Qe4+ 40. Kh2 Qe2+ 41. Kh3 Qf1+ 42. Kh2 Qf2+ 43. Kh3 Qf1+ 44. Kh2 Qe2+ 45. Kh3 h5 46. Qe7 Qg4+ 47. Kh2 Kh7 48. Qe8 Qe2+ 49. Kg1 Qg4 50. Kh2 Qf5 51. Qxc6 Qf2+ 52. Kh1 Qxg3 53. Qxe6 Qxh4+ 54. Kg2 Qe4+ 55. Kg3 Qd3+ 56. Kg2 Qxd4 57. c6 Qe4+ 58. Kg3 Qe1+ 59. Kg2 Qe4+ 60. Kg3 d4 61. Kh3 Qf3+ 62. Kh4 Qf4+ 63. Kxh5 Qg3 64. Qd7 d3 65. c7 d2 66. c8Q d1Q+ 67. Qg4 Qxe5+ 68. Kh4 Qde1+ 0-1

[Event "RUS-ch Higher League 63rd"]
[Site "Irkutsk"]
[Date "2010.08.27"]
[Round "2"]
[White "Shaposhnikov, Evgeny"]
[Black "Ajrapetian, Gevorg"]
[Result "1-0"]
[WhiteElo "2543"]
[BlackElo "2427"]
[PlyCount "85"]
[EventDate "2010.08.20"]
[EventType "swiss"]
[EventRounds "10"]
[EventCountry "RUS"]
[SourceTitle "CBM 138"]
[Source "ChessBase"]
[SourceDate "2010.09.17"]
[SourceVersion "1"]
[SourceVersionDate "2010.09.17"]
[SourceQuality "1"]

1. e4 c5 2. Nf3 a6 3. g3 d6 4. Bg2 Nf6 5. Nc3 e5 6. d3 g6 7. 0-0 Bg7 8. Nh4 0-0 9. f4 exf4 10. Bxf4 h6 11. Nf3 Nc6 12. Qd2 Kh7 13. Rae1 Ng4 14. h3 Nge5 15. Nh2 b5 16. Nd5 Be6 17. g4 b4 18. g5 h5 19. Nf6+ Kh8 20. Qf2 Bxf6 21. gxf6 Qxf6 22. Qd2 Qe7 23. Bh6 Rg8 24. Bg5 Qf8 25. c3 Nd7 26. d4 bxc3 27. bxc3 Bc4 28. e5 d5 29. e6 Bxf1 30. Rxf1 fxe6 31. Rxf8 Rgxf8 32. Nf3 Kh7 33. Bf4 Rae8 34. dxc5 Rf6 35. c4 Nxc5 36. cxd5 exd5 37. Qxd5 Ne7 38. Ng5+ Kh6 39. Ne4+ Rxf4 40. Qg5+ Kg7 41. Qe5+ Kg8 42. Qxf4 Nd5 43. Qg5 1-0

[Event "Pan-Armenian ol"]
[Site "Yerevan"]
[Date "2010.08.17"]
[Round "3"]
[White "Petrosian, Davit Gevorgi"]
[Black "Ajrapetian, Gevorg"]
[Result "0-1"]
[WhiteElo "2492"]
[BlackElo "2427"]
[PlyCount "88"]
[EventDate "2010.08.15"]
[EventType "swiss"]
[EventRounds "9"]
[EventCountry "ARM"]
[SourceTitle "CBM 138 Extra"]
[Source "ChessBase"]
[SourceDate "2010.10.29"]
[SourceVersion "1"]
[SourceVersionDate "2010.10.29"]
[SourceQuality "1"]

1. e4 c5 2. Nf3 e6 3. d4 cxd4 4. Nxd4 a6 5. Nc3 b5 6. Bd3 Qb6 7. Be3 Bc5 8. Nce2 Bb7 9. 0-0 Qc7 10. Ng3 h5 11. Nxh5 Qe5 12. Nf5 exf5 13. Bf4 Qxb2 14. Rb1 Qxa2 15. Ra1 Qb2 16. Rb1 Qc3 17. Rb3 Qd4 18. c3 Qa4 19. Nxg7+ Kd8 20. Re1 fxe4 21. Bxe4 Bxe4 22. Qd5 Bxf2+ 23. Kh1 Bxe1 24. Qd6 Bxg2+ 25. Kg1 Qxf4 26. Qxf4 Bd5 27. c4 Bxc4 28. Re3 Ne7 29. Rxe1 Rg8 30. Qf6 Nbc6 31. Kf2 Be6 32. h4 Kc7 33. h5 Nd5 34. Qg5 a5 35. h6 a4 36. Qg3+ Kb6 37. Qd6 a3 38. Nxe6 fxe6 39. h7 Rgf8+ 40. Kg3 a2 41. Ra1 Rh8 42. Qxd7 Ra7 43. Qxe6 Rg7+ 44. Kf2 Rf8+ 0-1

[Event "Voronezh op-A 14th"]
[Site "Voronezh"]
[Date "2010.06.19"]
[Round "7"]
[White "Poghosyan, Suren"]
[Black "Ajrapetian, Gevorg"]
[Result "1/2-1/2"]
[WhiteElo "2310"]
[BlackElo "2434"]
[PlyCount "54"]
[EventDate "2010.06.12"]
[EventType "swiss"]
[EventRounds "9"]
[EventCountry "RUS"]
[SourceTitle "CBM 137 Extra"]
[Source "ChessBase"]
[SourceDate "2010.09.01"]
[SourceVersion "1"]
[SourceVersionDate "2010.09.01"]
[SourceQuality "1"]

1. d4 Nf6 2. c4 e6 3. Nc3 Bb4 4. e3 c5 5. Nge2 b6 6. a3 Ba5 7. Rb1 Na6 8. Bd2 Bb7 9. Nf4 Bxc3 10. Bxc3 d6 11. Bd3 0-0 12. 0-0 Qe7 13. b4 e5 14. dxe5 dxe5 15. Nd5 Nxd5 16. cxd5 Rad8 17. Qh5 g6 18. Qxe5 Qxe5 19. Bxe5 Rxd5 20. Be4 Rxe5 21. Bxb7 Nc7 22. bxc5 Rxc5 23. Rfc1 Ne6 24. e4 Rxc1+ 25. Rxc1 Nc5 26. Bd5 Re8 27. f3 Kg7 1/2-1/2

[Event "Voronezh op-A 14th"]
[Site "Voronezh"]
[Date "2010.06.13"]
[Round "2"]
[White "Ajrapetian, Gevorg"]
[Black "Kozlitin, Oleg"]
[Result "1/2-1/2"]
[WhiteElo "2434"]
[BlackElo "2337"]
[PlyCount "75"]
[EventDate "2010.06.12"]
[EventType "swiss"]
[EventRounds "9"]
[EventCountry "RUS"]
[SourceTitle "CBM 137 Extra"]
[Source "ChessBase"]
[SourceDate "2010.09.01"]
[SourceVersion "1"]
[SourceVersionDate "2010.09.01"]
[SourceQuality "1"]

1. e4 c5 2. Nf3 d6 3. c3 Nf6 4. Be2 Nbd7 5. d3 c4 6. d4 Nxe4 7. Bxc4 e6 8. Bd3 Nef6 9. 0-0 Be7 10. Nbd2 0-0 11. a4 b6 12. Qe2 Bb7 13. Re1 Re8 14. Ng5 Bf8 15. Nde4 h6 16. Nxf6+ Nxf6 17. Ne4 Nxe4 18. Bxe4 Bxe4 19. Qxe4 d5 20. Qg4 Kh7 21. Re3 Bd6 22. Rh3 Qf6 23. Be3 a6 24. Qe2 b5 25. Rf3 Qe7 26. Bf4 Bxf4 27. Rxf4 Reb8 28. g3 b4 29. c4 dxc4 30. Qxc4 Rc8 31. Qb3 a5 32. d5 exd5 33. Qxd5 Kg8 34. Re4 Qf6 35. Rf4 Qxb2 36. Qxf7+ Kh8 37. Re1 Rc1 38. Rfe4 1/2-1/2